00692nam a2200205Ia 4500008004100000020001500041040001800056041000800074100002600082245009400108260006000202300001800262500008600280650002200366650001200388650001500400650002200415650001700437700003200454130821s1973 ag gr spa  a9505180446 aCo-BoUCMbspa aspa1 aWeber, Maxd1864-192010aEnsayos sobre metodología sociológicacMax Weber ; traducción José Luis Echeverry aBuenos Aires (Argentina)b[Editorial desconocida]c1973 a269 páginas aTítulo original : Gesammelte Aufratze zur Wissenschafslebre.-- Incluye índice04aCiencias sociales04aCultura04aEconomía04aPolítica social04aSociología aEcheverry, José Luis.eTr